| 000 | 01704cam a22003853a 4500 | ||
|---|---|---|---|
| 001 | 13682346 | ||
| 003 | OSt | ||
| 005 | 20140310184417.0 | ||
| 008 | 040524s2004 nyu j 000 1 eng d | ||
| 010 | _a 2004596393 | ||
| 020 | _a0439425115 | ||
| 035 | _a(OCoLC)ocm55473031 | ||
| 040 |
_aWIR _cWIR _dOCLCQ _dDLC |
||
| 042 | _alccopycat | ||
| 050 | 0 | 0 |
_aPZ 7 _b.B872Hf 2004 |
| 100 | 1 |
_aBrooke, Lauren. _922844 |
|
| 245 | 1 | 0 |
_aHolding fast / _cby Lauren Brooke. |
| 260 |
_aNew York, NY : _bScholastic, _cc2004. |
||
| 300 |
_a170 p. ; _c20 cm. |
||
| 490 | 1 |
_aHeartland ; _v16 |
|
| 520 | _aJust when Amy feels that things are back to normal at Heartland, an injured police horse named Venture arrives. Venture's partner, Sergeant Garcia, is desperate to help the wounded gelding. Amy convinces the policeman to put his trust in Heartland's methods. But when Amy's tried-and-true remedies have no effect on Venture, she is the one who loses faith. Before she can reach a breakthrough, Amy must open herself up to new possibilities and learn to believe in the power of change. | ||
| 521 | 1 | _aG5 | |
| 526 | _c750 | ||
| 562 | _eFor Circulation. 1 Copy in the collection | ||
| 650 | 0 |
_aHorses _vJuvenile fiction. _926479 |
|
| 650 | 0 |
_aHorses _vFiction. _926480 |
|
| 655 | 7 |
_aChildren's stories. _2lcsh _93012 |
|
| 710 | 2 |
_aCopyright Paperback Collection (Library of Congress) _5DLC _9705 |
|
| 800 | 1 |
_aBrooke, Lauren. _tHeartland ; _v16. _926481 |
|
| 856 | 4 | 2 |
_3Publisher description _uhttp://www.loc.gov/catdir/description/schol051/2004596393.html |
| 906 |
_a7 _bcbc _ccopycat _d2 _encip _f20 _gy-genrareb |
||
| 942 |
_2lcc _cBK-SCHOLAS |
||
| 999 |
_c34179 _d34179 |
||